Spanish World Cup Team - 2010 - Statistics

General Stats
  • This quiz has been taken 3,174 times
    2,701 since last reset
  • The average score is 16 of 23
Answer Stats
Hint Answer % Correct
Goalkeeper Iker Casillas
97%
Midfielder Andres Iniesta
96%
Midfielder Xavi Hernandez
96%
Forward David Villa
93%
Defender Sergio Ramos
93%
Forward Fernando Torres
92%
Defender Gerard Pique
92%
Defender Charles Puyol
88%
Midfielder Xabi Alonso
79%
Midfielder Sergio Busquets
78%
Goalkeeper Victor Valdes
77%
Goalkeeper Pepe Reina
73%
Midfielder Cesc Fabregas
71%
Midfielder David Silva
68%
Forward Pedro Rodriguez
67%
Defender Alvaro Arbeloa
51%
Midfielder Jesus Navas
49%
Midfielder Juan Mata
47%
Defender Joan Capdevila
45%
Defender Raul Albiol
42%
Forward Fernando Llorente
40%
Midfielder Javi Martinez
27%
Defender Carlos Marchena
19%
No matching quizzes found
Score Distribution
Percent of People with Each Score
Percentile by Number Answered
Your Score History
You have not taken this quiz since the last reset